| 000 | 00768nam a22002057a 4500 | ||
|---|---|---|---|
| 999 |
_c7817 _d7817 |
||
| 003 | AR-CdUCM | ||
| 008 | 190321b ||||| |||| 00| 0 spa d | ||
| 040 |
_aMUNICIPALIDAD PROVINCIAL DEL CUSCO _cBIBLIOTECA MUNICIPAL DEL CUSCO |
||
| 082 |
_a332.6 / _bS31 |
||
| 100 |
_aSchneider, Erich _922099 |
||
| 245 |
_aTeoría de la inversión : _bCalculo de economicidad / |
||
| 260 |
_aBuenos Aires : _bEl ateneo, _c1956. |
||
| 300 |
_a153 páginas ; _c23 cm. |
||
| 505 | _aContenido : La evolución actual del calculo de economicidad -- Capítulo I : Conceptos fundamentales -- Capitulo II : Teoría general del calculo de econocimidad ... | ||
| 650 |
_aEconomía _9382 |
||
| 650 |
_aCálculos _922100 |
||
| 650 |
_aInversión _91712 |
||
| 942 |
_2ddc _cLIBROS |
||
| 945 | _arah | ||